| 000 | 00324nam a22001337a 4500 | ||
|---|---|---|---|
| 020 | _a97881243379 | ||
| 082 |
_222 _a691 |
||
| 100 | _aDuggal, S.K. | ||
| 245 | _aBuilding materials / | ||
| 250 | _a4th. | ||
| 260 |
_aNew Delhi, _bAge Internationals, _cc2012. |
||
| 300 |
_axviii, 594p. ; _bill. ; _c23 cm. |
||
| 942 |
_2ddc _cCIVIL _047 |
||
| 999 |
_c719 _d719 |
||